000 00474nam a22001811c 4500
001 140308938
008 160509s1929 gw a||| 000u ger d
041 _ager
100 1 _aPank, Oskar
245 0 0 _aIm Bismarckschen Hause :
_bErinnerungen /
_cVon Oskar Pank. Hrsg. von seinem Sohne
264 _aHalle :
_bMüller,
_c1929
300 _a84 S : Ill
600 0 _aBismarck, Otto von
655 0 _aBiografie
942 _cMG
040 _cRU-10907106
003 RU-10907106
999 _c13454
_d13454